Statistics for Countries of Europe After World War II

Click here to take the quiz!

General Stats

  • This quiz has been taken 91,601 times
  • The average score is 30 of 32

Answers on the Map

Answers color-coded by a green-red scale on the quiz's map according to % correct below.
Loading ...
 

Answer Stats

Answer% Correct
France
99%
Ireland
99%
Italy
99%
Norway
99%
Portugal
99%
Spain
99%
Sweden
99%
United Kingdom
99%
Finland
98%
Greece
98%
Iceland
98%
Poland
98%
Belgium
97%
Denmark
97%
Netherlands
97%
Austria
96%
Soviet Union
96%
Switzerland
96%
Hungary
94%
Vatican City
94%
East Germany
93%
Luxembourg
93%
Romania
93%
Andorra
92%
West Germany
92%
Albania
91%
Bulgaria
91%
Monaco
91%
San Marino
90%
Yugoslavia
90%
Liechtenstein
89%
Czechoslovakia
87%

Score Distribution

Percentile by Number Answered

Percent of People with Each Score

Your Score History

You have not taken this quiz